[Event "III Copa Marcel Duchamp 2019"]
[Site "Montevideo"]
[Date "2019.02.10"]
[Round "3.14"]
[White "Hurtado Bahamonde, Rodrigo"]
[Black "Lopez Azambuja, Nicolas"]
[Result "1/2-1/2"]
[WhiteElo "2172"]
[BlackElo "2320"]
[Annotator "RC"]
[PlyCount "124"]
[EventDate "2019.02.09"]
[EventType "swiss"]
[EventCountry "URU"]
[SourceTitle "playchess.com"]
[Source "ChessBase"]
[SourceQuality "1"]
[TimeControl "5400+30"]

1. e4 e6 2. d4 d5 3. Nc3 Bb4 4. e5 c5 5. a3 Ba5 6. b4 cxd4 7. Qg4 Kf8 8. Nb5 Bb6 9. Bd3 Nc6 10. f4 a6 11. Nd6 Bc7 12. Nxc8 Qxc8 13. Nf3 Nge7 14. Qh5 h6 15. Bb2 Bb6 16. g4 g6 17. Qh4 Kg8 18. Rg1 Kf8 19. O-O-O Ke8 20. Kb1 Kd7 21. f5 Qc7 22. f6 Nc8 23. g5 h5 24. Rge1 N8a7 25. Nxd4 Nxd4 26. Bxd4 Bxd4 27. Qxd4 Nb5 28. Bxb5+ axb5 29. Re3 Rhc8 30. Rd2 Qc4 31. Kb2 Rc6 32. Red3 Qxd4+ 33. Rxd4 Rac8 34. h4 Rc3 35. R4d3 Rxd3 36. cxd3 d4 37. Re2 Rc3 38. Re4 Rxd3 39. Kc2 Re3 40. Rxd4+ Kc7 41. a4 Rxe5 42. axb5 Rxb5 43. Rc4+ Kd7 44. Kd3 Rd5+ 45. Ke3 Rd1 46. Kf3 Rd3+ 47. Ke2 Rd6 48. Ke3 Rc6 49. Rd4+ Kc7 50. Kf3 b5 51. Ke3 Rd6 52. Rf4 Rd1 53. Rf2 Rc1 54. Ra2 Kb7 55. Ra5 Kb6 56. Ra8 Rc7 57. Rb8+ Kc6 58. Ke4 Rd7 59. Rc8+ Kb7 60. Rf8 Kc6 61. Rc8+ Kb7 62. Rf8 Kc6 1/2-1/2

[Event "III Copa Marcel Duchamp 2019"]
[Site "Montevideo"]
[Date "2019.02.10"]
[Round "3.15"]
[White "Granara Barreto, Sebastian"]
[Black "Felgaer, Ruben"]
[Result "0-1"]
[WhiteElo "2134"]
[BlackElo "2562"]
[Annotator "TA"]
[PlyCount "58"]
[EventDate "2019.02.09"]
[EventType "swiss"]
[EventCountry "URU"]
[SourceTitle "playchess.com"]
[Source "ChessBase"]
[SourceQuality "1"]

{[%evp 16,58,-11,-9,-8,-7,0,-16,-10,-27,-24,-30,-33,-45,-46,-53,-47,-62,-56,-61,-48,-81,-90,-101,-89,-108,-76,-78,-39,-99,-87,-91,-80,-415,-404,-351,-313,-320,-269,-425,-428,-447,-450,-743,-712]} 1. c4 c5 2. g3 Nc6 3. Bg2 g6 4. Nc3 Bg7 5. Nf3 d6 6. O-O Nh6 7. d3 Nf5 {A37: Symmetrical English vs ...g6: 4 Bg2 Bg7 5 Nf3} 8. e4 (8. Bd2 O-O 9. Rb1 Qd7 10. a3 b6 11. b4 Bb7 12. e3 Rac8 13. Ne1 Rfd8 14. Qe2 e6 15. Nc2 Nce7 16. Bxb7 Qxb7 17. bxc5 dxc5 {1-0 (60) Caruana,F (2791)-Iturrizaga Bonelli,E (2653) Dubai 2014}) 8... Nfd4 9. Nxd4 {LiveBook: 5 Games} cxd4 $146 {The position is equal.} ({Predecessor:} 9... Nxd4 10. Ne2 Nc6 11. Rb1 O-O 12. a3 a5 13. Be3 Bg4 14. h3 Bxe2 15. Qxe2 Qd7 16. a4 Rae8 17. b3 e6 18. Qd2 b6 19. Kh2 Nd4 20. Bxd4 Bxd4 21. f4 f5 {½-½ (21) Svetac,N (2328)-Mijailovic,Z (2399) Belgrade 2008}) 10. Ne2 O-O 11. Rb1 a5 12. a3 Rb8 13. Qc2 Bd7 14. b3 Qc7 15. Nf4 e6 16. Bd2 b5 17. Rfc1 Rfc8 18. Ne2 Qa7 19. f4 Nd8 20. Be1 bxc4 21. bxc4 Nb7 {White must now prevent ...Nc5.} 22. Rb2 (22. Bf2 $15) 22... Nc5 $17 23. Rcb1 Ba4 24. Rxb8 $4 {[%mdl 8192] [#]} (24. Qd2 $17) 24... Rxb8 $19 (24... Bxc2 25. Rxc8+ Bf8 26. Rbb8 $11) 25. Rxb8+ Qxb8 26. Qd2 Qb3 27. Bf2 (27. Nc1 $142 Qxa3 28. f5) 27... e5 {Black is clearly winning.} 28. Bf1 Qxd3 29. Qxa5 (29. Qxd3 $142 Nxd3 30. Kg2) 29... Qxe4 {Precision: White = 27%, Black = 82%.} 0-1

[Event "III Copa Marcel Duchamp 2019"]
[Site "Montevideo"]
[Date "2019.02.10"]
[Round "3.16"]
[White "Tristan, Leonardo"]
[Black "Moccero, Eduardo"]
[Result "1-0"]
[WhiteElo "2493"]
[BlackElo "1950"]
[Annotator "TA"]
[PlyCount "53"]
[EventDate "2019.02.09"]
[EventType "swiss"]
[EventCountry "URU"]
[SourceTitle "playchess.com"]
[Source "ChessBase"]
[SourceQuality "1"]

{[%evp 11,53,6,0,-2,8,6,8,3,16,-4,69,69,89,69,77,77,77,77,77,77,77,77,102,104,102,75,75,75,143,151,182,175,264,258,280,267,357,353,402,273,320,332,310,300]} 1. d4 d5 2. Bg5 Nf6 3. Nd2 e6 4. e3 Be7 5. Bd3 Nbd7 6. f4 c5 {White should prevent ...Qb6.} 7. c3 {D00: 1 d4 d5: Unusual lines} b6 (7... h6 8. Bh4 b6 9. Ngf3 Bb7 10. Ne5 O-O 11. O-O Ne4 12. Bxe7 Qxe7 13. a4 Ndf6 14. a5 Nxd2 15. Qxd2 c4 16. Bc2 b5 17. f5 exf5 18. Rxf5 Bc8 19. Rf4 {1-0 (62) Kryakvin,D (2588)-Chen,Q (2437) St Petersburg 2018}) 8. Ngf3 Bb7 9. Ne5 {The position is equal.} O-O 10. Qf3 Ne4 (10... h6 $11 11. Bxf6 Bxf6) 11. Bxe7 $14 Qxe7 12. Nxe4 {[#] Threatens to win with Nd2.} dxe4 13. Bxe4 Nxe5 $146 ({Predecessor:} 13... Bxe4 14. Qxe4 Nxe5 15. fxe5 f6 16. exf6 Qxf6 {½-½ (27) Mai,T (2232)-Huynh Thi Hong,C Tan Binh 2000}) 14. dxe5 Bxe4 15. Qxe4 Rad8 16. Rd1 g6 17. Ke2 Qc7 18. h4 Rxd1 19. Rxd1 $16 {[%mdl 4096] Endgame KQR-KQR} h5 ({Black should try} 19... Rd8) 20. Rd6 Kg7 21. Qc6 $36 {[%mdl 2048] Keeping Black busy.} Qe7 (21... Rc8 {was called for.} 22. Qd7 Qb8) 22. g3 Rd8 23. a4 Kh7 24. Kd3 Rb8 25. Kc2 Rd8 26. Kb3 Kg7 27. Kc4 {Accuracy: White = 79%, Black = 36%.} 1-0

[Event "III Copa Marcel Duchamp 2019"]
[Site "Montevideo"]
[Date "2019.02.10"]
[Round "3.17"]
[White "Barreto, Ignacio C. de Barro"]
[Black "Guerrero, Alvaro"]
[Result "1-0"]
[WhiteElo "2212"]
[BlackElo "2096"]
[Annotator "NA"]
[PlyCount "71"]
[EventDate "2019.02.09"]
[EventType "swiss"]
[EventCountry "URU"]
[SourceTitle "playchess.com"]
[Source "ChessBase"]
[SourceQuality "1"]
[TimeControl "5400+30"]

1. Nf3 g6 2. d4 Bg7 3. e4 d6 4. Bc4 Nf6 5. Qe2 O-O 6. O-O c6 7. Bb3 Qc7 8. e5 dxe5 9. dxe5 Nd5 10. h3 e6 11. Re1 Nd7 12. c4 Ne7 13. Bg5 Re8 14. Nc3 h6 15. Bf4 b6 16. Ne4 Rf8 17. Rad1 Kh7 18. Bh2 Kh8 19. Bc2 a5 20. Nd6 Nc5 21. g4 Bd7 22. h4 Kg8 23. Bb1 Rfd8 24. h5 Be8 25. Nh4 g5 26. Nf3 Kf8 27. Nd2 Nc8 28. N2e4 Nxe4 29. Qxe4 Qe7 30. Rd3 Na7 31. f4 c5 32. Rf1 Bc6 33. Qh7 Nc8 34. fxg5 Nxd6 35. gxh6 Nf5 36. hxg7+ 1-0

[Event "III Copa Marcel Duchamp 2019"]
[Site "Montevideo"]
[Date "2019.02.10"]
[Round "3.18"]
[White "Curi, Gabriel"]
[Black "Malan, Lucia"]
[Result "1-0"]
[WhiteElo "2159"]
[BlackElo "1851"]
[Annotator "NA"]
[PlyCount "49"]
[EventDate "2019.02.09"]
[EventType "swiss"]
[EventCountry "URU"]
[SourceTitle "playchess.com"]
[Source "ChessBase"]
[SourceQuality "1"]
[TimeControl "5400+30"]

1. d4 d5 2. c4 c6 3. Nf3 Nf6 4. Nc3 e6 5. Bg5 Be7 6. e3 O-O 7. Qc2 Nbd7 8. cxd5 Nxd5 9. Bxe7 Qxe7 10. e4 Nb4 11. Qd2 c5 12. a3 Nc6 13. Be2 Nxd4 14. Nxd4 cxd4 15. Qxd4 Nc5 16. Rd1 b6 17. b4 e5 18. Qe3 Ne6 19. Nd5 Qg5 20. Qg3 Qxg3 21. hxg3 Nd4 22. Bc4 Nc2+ 23. Kd2 Nd4 24. Ne7+ Kh8 25. Rxh7+ 1-0

[Event "III Copa Marcel Duchamp 2019"]
[Site "Montevideo"]
[Date "2019.02.10"]
[Round "3.19"]
[White "Sosa Macho, Juan Manuel"]
[Black "Sarquis, Maria Belen"]
[Result "1/2-1/2"]
[WhiteElo "2079"]
[BlackElo "2164"]
[Annotator "NA"]
[PlyCount "73"]
[EventDate "2019.02.09"]
[EventType "swiss"]
[EventCountry "URU"]
[SourceTitle "playchess.com"]
[Source "ChessBase"]
[SourceQuality "1"]
[TimeControl "5400+30"]

1. d4 Nf6 2. c4 e6 3. Nc3 Bb4 4. e3 O-O 5. Bd3 d5 6. cxd5 exd5 7. Nge2 Re8 8. O-O Bd6 9. f3 c5 10. Kh1 Nc6 11. Nb5 Bf8 12. dxc5 Bxc5 13. Nbd4 Bd7 14. a3 Rc8 15. b4 Bb6 16. Nxc6 bxc6 17. Nd4 c5 18. bxc5 Bxc5 19. Re1 Qe7 20. Bb2 Rb8 21. Qd2 a5 22. Qf2 a4 23. Re2 Rxb2 24. Rxb2 Qxe3 25. Qxe3 Rxe3 26. Rb8+ Be8 27. Bb5 Bxd4 28. Rd1 Bc5 29. g4 Rb3 30. Rxe8+ Nxe8 31. Bxe8 d4 32. Bxa4 Rxf3 33. Rc1 Bxa3 34. Rc8+ Bf8 35. Rd8 Rd3 36. Bb5 Rf3 37. Re8 1/2-1/2

[Event "III Copa Marcel Duchamp 2019"]
[Site "Montevideo"]
[Date "2019.02.10"]
[Round "3.21"]
[White "Munoz Perez, Rolando"]
[Black "Quevedo, Andreina"]
[Result "1-0"]
[WhiteElo "2130"]
[BlackElo "1819"]
[Annotator "NA"]
[PlyCount "55"]
[EventDate "2019.02.09"]
[EventType "swiss"]
[EventCountry "URU"]
[SourceTitle "playchess.com"]
[Source "ChessBase"]
[SourceQuality "1"]
[TimeControl "5400+30"]

1. d4 Nf6 2. c4 g6 3. Nc3 Bg7 4. Nf3 O-O 5. Bg5 d6 6. e3 c5 7. d5 h6 8. Bh4 g5 9. Bg3 Nh5 10. Qc2 f5 11. Bd3 Na6 12. a3 Nc7 13. Rd1 Qe8 14. O-O a6 15. b4 b5 16. bxc5 Nxg3 17. hxg3 dxc5 18. e4 Qf7 19. cxb5 axb5 20. Nxb5 Nxb5 21. Bxb5 fxe4 22. Qxe4 Rxa3 23. d6 Be6 24. Rfe1 g4 25. Qxe6 gxf3 26. dxe7 Qxe6 27. exf8=Q+ Bxf8 28. Rxe6 1-0

[Event "III Copa Marcel Duchamp 2019"]
[Site "Montevideo"]
[Date "2019.02.10"]
[Round "3.22"]
[White "Arcos Facio, Mateo"]
[Black "Visillac, Alejandro"]
[Result "0-1"]
[WhiteElo "2107"]
[BlackElo "1803"]
[Annotator "NA"]
[PlyCount "104"]
[EventDate "2019.02.09"]
[EventType "swiss"]
[EventCountry "URU"]
[SourceTitle "playchess.com"]
[Source "ChessBase"]
[SourceQuality "1"]
[TimeControl "5400+30"]

1. c4 Nf6 2. Nc3 g6 3. g3 Bg7 4. Bg2 c5 5. e3 Nc6 6. Nge2 O-O 7. O-O d6 8. a3 Bf5 9. e4 Be6 10. d3 Qc8 11. Nf4 Bd7 12. Rb1 e5 13. Nfd5 Nxd5 14. Nxd5 Be6 15. b4 b6 16. Qa4 Bxd5 17. exd5 Nd4 18. Be3 Ne2+ 19. Kh1 Nc3 20. Qc6 Nxb1 21. Rxb1 Rd8 22. h4 Qd7 23. bxc5 dxc5 24. Qxd7 Rxd7 25. a4 Bf8 26. h5 Bd6 27. g4 Rb8 28. Bg5 Be7 29. Bxe7 Rxe7 30. g5 f5 31. gxf6 Rf7 32. Re1 Rxf6 33. Rxe5 Rxf2 34. hxg6 hxg6 35. Be4 Kg7 36. Re6 Rf6 37. Re7+ Rf7 38. Re6 Rh8+ 39. Kg2 Rh6 40. a5 bxa5 41. Rc6 Rh4 42. Rxc5 Rff4 43. Rc7+ Kf6 44. Rc6+ Ke5 45. Rxg6 Rhg4+ 46. Rxg4 Rxg4+ 47. Kf3 Rxe4 48. dxe4 a4 49. c5 a3 50. c6 Kd6 51. e5+ Kc7 52. e6 Kd6 0-1

[Event "III Copa Marcel Duchamp 2019"]
[Site "Montevideo"]
[Date "2019.02.10"]
[Round "3.23"]
[White "Zaruski, Julio"]
[Black "Meza, Anahi"]
[Result "0-1"]
[WhiteElo "1823"]
[BlackElo "2058"]
[Annotator "NA"]
[PlyCount "60"]
[EventDate "2019.02.09"]
[EventType "swiss"]
[EventCountry "URU"]
[SourceTitle "playchess.com"]
[Source "ChessBase"]
[SourceQuality "1"]
[TimeControl "5400+30"]

1. c4 Nf6 2. g3 g6 3. Bg2 Bg7 4. Nc3 d6 5. Nf3 e5 6. O-O c6 7. d3 Nbd7 8. Bd2 O-O 9. Rb1 a5 10. Qc1 Re8 11. b3 Nc5 12. Ne1 e4 13. d4 Ne6 14. Nc2 d5 15. c5 b6 16. cxb6 Qxb6 17. Na4 Qa7 18. Bc3 Ba6 19. Qd2 Bb5 20. Rfc1 Ng4 21. h3 Bh6 22. e3 Nf6 23. Nc5 Ng5 24. Ne1 a4 25. bxa4 Ba6 26. Rb3 Nd7 27. a5 Nxc5 28. dxc5 Ne6 29. Rb6 Qd7 30. Rd1 Bf8 0-1

[Event "III Copa Marcel Duchamp 2019"]
[Site "Montevideo"]
[Date "2019.02.10"]
[Round "3.24"]
[White "Ortiz, Jorge"]
[Black "Torella, Rodolfo"]
[Result "0-1"]
[WhiteElo "1809"]
[BlackElo "2022"]
[Annotator "NA"]
[PlyCount "108"]
[EventDate "2019.02.09"]
[EventType "swiss"]
[EventCountry "URU"]
[SourceTitle "playchess.com"]
[Source "ChessBase"]
[SourceQuality "1"]
[TimeControl "5400+30"]

1. e4 g6 2. d4 Bg7 3. Nf3 d6 4. h3 Nf6 5. Nc3 c6 6. Bd3 Nbd7 7. O-O e5 8. Be3 O-O 9. a4 {B08: Pirc Defence: Classical System} (9. Qd2 Re8 10. Rad1 b5 11. dxe5 dxe5 12. a4 a6 13. Ne2 Qe7 14. Ng3 Bb7 15. a5 c5 16. c4 b4 17. Bh6 {1-0 (49) Saric,I (2669)-Ponomariov,R (2694) Katowice 2017}) 9... a5 10. Qd2 Re8 11. dxe5 dxe5 12. Bc4 Qe7 13. Rfd1 Nc5 14. Ng5 Ne6 15. Qd6 $146 ({Predecessor:} 15. Nxe6 Bxe6 16. Bxe6 Qxe6 17. Bh6 {1-0 (76) Conte,A (1524)-Schwarzkopf,R (1241) Worms 2013}) 15... Qxd6 16. Rxd6 Bf8 17. Rdd1 Bb4 18. Nxe6 Bxe6 19. Bxe6 Rxe6 20. f3 Kf8 21. Ne2 Ke8 22. Rd3 Nd7 23. Rdd1 Rd8 24. Nc1 f5 25. Nb3 f4 26. Bf2 b6 27. Rd3 Bd6 28. Rad1 Bc7 29. Nd2 Bd6 30. Nc4 Bc7 31. Bh4 Nf6 32. Rxd8+ Bxd8 33. Bxf6 Rxf6 34. Nxe5 b5 35. axb5 cxb5 36. Rd5 b4 37. b3 Ra6 $16 38. Nd3 Rc6 39. Ne1 Bh4 40. Nd3 Rxc2 41. g3 fxg3 42. Rxa5 Rc3 43. Ra8+ Kf7 44. Ra7+ Kg8 45. Ra8+ Kg7 46. Ra7+ Kh6 47. Nxb4 Rxb3 48. Nd5 Rxf3 49. Ra1 Rd3 50. Kg2 Rd2+ 51. Kg1 Re2 52. Ra4 Bg5 53. Nc3 Be3+ 54. Kf1 g2+ 0-1

[Event "III Copa Marcel Duchamp 2019"]
[Site "Montevideo"]
[Date "2019.02.10"]
[Round "3.25"]
[White "Vazquez, Facundo"]
[Black "De Haro, Martim Afonso Palma"]
[Result "1-0"]
[WhiteElo "2019"]
[BlackElo "1790"]
[Annotator "NA RC"]
[PlyCount "52"]
[EventDate "2019.02.09"]
[EventType "swiss"]
[EventCountry "URU"]
[SourceTitle "playchess.com"]
[Source "ChessBase"]
[SourceQuality "1"]
[TimeControl "5400+30"]

1. d4 d5 2. c4 e6 3. Nf3 Nf6 4. cxd5 exd5 5. Bg5 Be7 6. Nc3 Nbd7 7. Qc2 c6 8. e3 O-O 9. Bd3 Re8 10. O-O Nf8 11. Rab1 g6 12. b4 a6 13. a4 Ne6 14. Bh4 Ng7 15. b5 axb5 16. axb5 Bf5 17. bxc6 bxc6 18. Ne5 Qc8 19. Rb6 Bd7 20. Na4 Bd8 21. Bxf6 Bxf6 22. Nxd7 Qxd7 23. Rxc6 Bd8 24. Bb5 Rf8 25. Rc5 Qg4 26. Bc6 Rb8 1-0

[Event "III Copa Marcel Duchamp 2019"]
[Site "Montevideo"]
[Date "2019.02.10"]
[Round "3.26"]
[White "Alvarez Ramirez, Miguel Angel"]
[Black "Augoustis Funti, Alexis"]
[Result "1-0"]
[WhiteElo "2282"]
[BlackElo "1984"]
[Annotator "NA"]
[PlyCount "55"]
[EventDate "2019.02.09"]
[EventType "swiss"]
[EventCountry "URU"]
[SourceTitle "playchess.com"]
[Source "ChessBase"]
[SourceQuality "1"]
[TimeControl "5400+30"]

1. e4 e6 2. f4 d5 3. exd5 exd5 4. Nf3 Bd6 5. d4 Bg4 6. Bd3 Nc6 7. c3 Qd7 8. O-O O-O-O 9. Qc2 Nh6 10. Ne5 Bxe5 11. fxe5 Kb8 12. Na3 Bh5 13. Bxh6 gxh6 14. Bxh7 Ne7 15. Rf6 Ng6 16. Bxg6 Bxg6 17. Qe2 Rdg8 18. Raf1 a6 19. R1f2 Rg7 20. Nc2 Be4 21. Ne3 h5 22. Qf1 Rhh7 23. c4 dxc4 24. Qxc4 Qh3 25. Rxf7 Qxe3 26. Qxc7+ Ka8 27. Qc8+ Ka7 28. Qc5+ 1-0

[Event "III Copa Marcel Duchamp 2019"]
[Site "Montevideo"]
[Date "2019.02.10"]
[Round "3.27"]
[White "Gaye, Gustavo"]
[Black "Martinez, Carlos Alejandro"]
[Result "1-0"]
[WhiteElo "1984"]
[BlackElo "2503"]
[Annotator "TA"]
[PlyCount "39"]
[EventDate "2019.02.09"]
[EventType "swiss"]
[EventCountry "URU"]
[SourceTitle "playchess.com"]
[Source "ChessBase"]
[SourceQuality "1"]

{[%evp 9,39,0,8,0,23,32,47,58,56,64,48,47,160,142,152,70,75,62,71,60,70,61,104,97,289,311,939,936,954,969,969,951]} 1. g3 e5 2. Bg2 d5 3. c4 c6 4. cxd5 cxd5 5. d4 e4 6. f3 {A20: English Opening: 1...e5} (6. Nh3 Bb4+ 7. Bd2 Qe7 8. O-O Nf6 9. Qa4+ Nc6 10. Bxb4 Qxb4 11. Qxb4 Nxb4 12. Nc3 Bf5 13. Rac1 Nc6 {1-0 (73) Lenderman,A (2611)-Krysa,L (2548) chess.com INT 2018}) 6... f5 7. Nh3 Nf6 8. O-O {White is slightly better.} Bd6 $146 ({Predecessor:} 8... Be7 9. Bg5 Qb6 10. Nc3 Be6 11. Nf4 Nbd7 12. e3 O-O 13. fxe4 fxe4 {1-0 (25) Navratil,R (2121)-Bitter,F (1914) Fuerth 2015}) 9. Nc3 Nc6 10. Bg5 {Hoping for Nxd5!} Bb8 ({Better is} 10... Be6 $14) 11. Bxf6 $16 Qxf6 12. fxe4 ({White should try} 12. Nxd5 $16 Qxd4+ 13. Qxd4 Nxd4 14. fxe4) 12... dxe4 $14 13. Bxe4 Qxd4+ 14. Qxd4 Nxd4 15. Bd5 Nc2 16. Rac1 $36 {[%mdl 2048] White is in control.} Ne3 $2 (16... Nb4 $16 {was called for.}) 17. Nd1 $18 {[%mdl 64] [#] Discovered Attack} Nxf1 $2 (17... Bf4) 18. Rxc8+ {White is clearly winning.} Ke7 19. Rxh8 Nd2 20. Bxb7 {Accuracy: White = 79%, Black = 11%.} 1-0

[Event "III Copa Marcel Duchamp 2019"]
[Site "Montevideo"]
[Date "2019.02.10"]
[Round "3.28"]
[White "Areco, Antonio"]
[Black "Soto, Nicolas"]
[Result "0-1"]
[WhiteElo "1750"]
[BlackElo "1982"]
[Annotator "NA RC"]
[PlyCount "137"]
[EventDate "2019.02.09"]
[EventType "swiss"]
[EventCountry "URU"]
[SourceTitle "playchess.com"]
[Source "ChessBase"]
[SourceQuality "1"]
[TimeControl "5400+30"]

1. c4 e5 2. Nc3 Nc6 3. g3 Nf6 4. d3 Bb4 5. Bd2 d5 6. cxd5 Nxd5 7. Bg2 Be6 8. Nf3 h6 9. O-O O-O 10. a3 Nxc3 11. bxc3 Ba5 12. Rb1 Bb6 13. Qa4 Rb8 14. c4 a6 15. Bc3 Bd7 16. Qb3 Re8 17. Qb2 Qe7 18. Rfd1 Rbd8 19. Rd2 Bc8 20. Rbd1 Nd4 21. e3 Nxf3+ 22. Bxf3 Qf6 23. Bg2 Bg4 24. Re1 Bc8 25. f4 Qg6 26. Be4 Bf5 27. Bxf5 Qxf5 28. fxe5 Rxd3 29. Bd4 Rxd2 30. Qxd2 Rd8 31. Qc3 c5 32. Qb2 Qe6 33. Bc3 Rd7 34. Qe2 Bc7 35. e4 Bxe5 36. Bxe5 Qxe5 37. Rf1 Qd4+ 38. Kg2 Qd2 39. Kf2 Qxe2+ 40. Kxe2 Rd4 41. Rb1 Rxe4+ 42. Kd3 Re7 43. a4 Kf8 44. a5 Ke8 45. Rf1 Kd7 46. g4 f6 47. h4 Re5 48. Rb1 Kc8 49. Rf1 Kc7 50. Rb1 Re6 51. Rg1 Rd6+ 52. Kc3 Rd4 53. g5 hxg5 54. hxg5 f5 55. Re1 Re4 56. Rf1 g6 57. Rh1 Rg4 58. Rh7+ Kc6 59. Rf7 Rxg5 60. Rf6+ Kc7 61. Rf7+ Kb8 62. Kb3 Rg3+ 63. Ka4 Rg1 64. Rg7 g5 65. Rf7 g4 66. Rxf5 g3 67. Rf8+ Ka7 68. Rg8 g2 69. Rg3 0-1

[Event "III Copa Marcel Duchamp 2019"]
[Site "Montevideo"]
[Date "2019.02.10"]
[Round "3.29"]
[White "Gomez Troccoli, Martin"]
[Black "Reolon, Victor"]
[Result "1-0"]
[WhiteElo "1976"]
[BlackElo "1714"]
[Annotator "NA"]
[PlyCount "85"]
[EventDate "2019.02.09"]
[EventType "swiss"]
[EventCountry "URU"]
[SourceTitle "playchess.com"]
[Source "ChessBase"]
[SourceQuality "1"]
[TimeControl "5400+30"]

1. e4 e6 2. d4 d5 3. Nd2 Nf6 4. e5 Nfd7 5. Bd3 c5 6. c3 Nc6 7. Ne2 cxd4 8. cxd4 b6 9. O-O Nb4 10. Bb1 Ba6 11. Nf3 Rc8 12. Re1 Be7 13. Nc3 Rc7 14. a3 Nc6 15. Qa4 Qc8 16. Bf4 Bc4 17. Qd1 Nd8 18. Ng5 Nf8 19. Qh5 h6 20. Nf3 Qa6 21. Bc2 Bd3 22. Ba4+ b5 23. Bb3 Bg6 24. Qh3 Qc6 25. a4 b4 26. a5 bxc3 27. Ba4 Qxa4 28. Rxa4 cxb2 29. Nd2 Rc1 30. Qe3 Bc2 31. Ra2 b1=Q 32. Nxb1 Bxb1 33. Rxc1 Bxa2 34. Rc7 a6 35. Rxe7+ Kxe7 36. Qa3+ Ke8 37. Qxa2 Ng6 38. Qa4+ Kf8 39. Bd2 Kg8 40. Qd7 Kh7 41. g3 h5 42. h4 Rg8 43. Bg5 1-0

[Event "III Copa Marcel Duchamp 2019"]
[Site "Montevideo"]
[Date "2019.02.10"]
[Round "3.30"]
[White "Chamlian, Aram"]
[Black "Siddeley, Hugh"]
[Result "0-1"]
[WhiteElo "1739"]
[BlackElo "1968"]
[Annotator "NA"]
[PlyCount "75"]
[EventDate "2019.02.09"]
[EventType "swiss"]
[EventCountry "URU"]
[SourceTitle "playchess.com"]
[Source "ChessBase"]
[SourceQuality "1"]
[TimeControl "5400+30"]

1. e4 e5 2. Nf3 Nf6 3. Nc3 Nc6 4. d4 exd4 5. Nxd4 Bb4 6. Nxc6 bxc6 7. Bd3 d5 8. Bd2 O-O 9. exd5 Re8+ 10. Be2 Qe7 11. Be3 Nxd5 12. Qd3 a5 13. O-O Nxe3 14. Qxe3 Qxe3 15. fxe3 Rxe3 16. Rf3 Bc5 17. Rxe3 Bxe3+ 18. Kf1 Be6 19. Rd1 g6 20. Ne4 h6 21. b3 Kg7 22. Bf3 a4 23. Nc3 axb3 24. cxb3 Ra5 25. Rd3 Bf4 26. g3 Bf5 27. Be4 Bxe4 28. Nxe4 Be5 29. a4 Rd5 30. Rxd5 cxd5 31. Nc5 Bc3 32. Nb7 Kf6 33. a5 Bd4 34. b4 Ke7 35. a6 Kd7 36. b5 c6 37. bxc6+ Kc7 38. Na5 0-1

[Event "III Copa Marcel Duchamp 2019"]
[Site "Montevideo"]
[Date "2019.02.10"]
[Round "3.31"]
[White "Araque, Jairo"]
[Black "Lanaro, Emilio"]
[Result "1/2-1/2"]
[WhiteElo "1961"]
[BlackElo "1696"]
[Annotator "NA"]
[PlyCount "131"]
[EventDate "2019.02.09"]
[EventType "swiss"]
[EventCountry "URU"]
[SourceTitle "playchess.com"]
[Source "ChessBase"]
[SourceQuality "1"]
[TimeControl "5400+30"]

1. d4 Nf6 2. Bf4 g6 3. Nc3 Bg7 4. e4 d6 5. Qd2 O-O 6. f3 c5 7. dxc5 dxc5 8. Bd3 Nc6 9. Bh6 Ne5 10. Bxg7 Nxd3+ 11. cxd3 Kxg7 12. O-O-O b6 13. Nge2 Ba6 14. Qe3 Qc7 15. g4 Rad8 16. g5 Nh5 17. Nd5 Qb7 18. Ng3 Nxg3 19. hxg3 Qd7 20. Rh2 Bb7 21. Rdh1 Rh8 22. Qe1 Bxd5 23. Qc3+ f6 24. gxf6+ exf6 25. exd5 Qxd5 26. Re1 Rhe8 27. Rxe8 Rxe8 28. Qd2 Qg5 29. Qxg5 fxg5 30. Kd2 h5 31. Rh1 Kf6 32. Rc1 h4 33. Rh1 Rh8 34. Ke3 Ke5 35. Rh2 Kf5 36. Rh1 h3 37. g4+ Ke5 38. Rh2 a5 39. a4 Rh7 40. b3 Rh8 41. Ke2 Kd4 42. Kd2 Rh7 43. Ke2 Kc3 44. Ke3 Kxb3 45. f4 gxf4+ 46. Kxf4 Kxa4 47. Kg5 Kb3 48. Kxg6 Rh8 49. Kg7 Rh4 50. g5 a4 51. Kf6 a3 52. g6 a2 53. Rh1 Kb2 54. Rh2+ Kb3 55. Rh1 h2 56. Kg5 Rh8 57. g7 Rg8 58. Kf6 Kb2 59. Rxh2+ Kb3 60. Rh1 c4 61. dxc4 Kxc4 62. Rh4+ Kb5 63. Rh1 Ka4 64. Rh4+ Ka5 65. Rh1 Ka4 66. Rh4+ 1/2-1/2

[Event "III Copa Marcel Duchamp 2019"]
[Site "Montevideo"]
[Date "2019.02.10"]
[Round "3.32"]
[White "Aguerre, Valentin"]
[Black "Escofet, Jaime"]
[Result "1/2-1/2"]
[WhiteElo "1694"]
[BlackElo "1957"]
[Annotator "NA"]
[PlyCount "77"]
[EventDate "2019.02.09"]
[EventType "swiss"]
[EventCountry "URU"]
[SourceTitle "playchess.com"]
[Source "ChessBase"]
[SourceQuality "1"]
[TimeControl "5400+30"]

1. d4 e6 2. Bf4 c5 3. c3 cxd4 4. cxd4 Qb6 5. Qd2 Nf6 6. Nc3 Bb4 7. a3 Be7 8. Nf3 Nc6 9. h3 O-O 10. e3 Na5 11. Rd1 d5 12. Na4 Qd8 13. Bd3 Bd7 14. Nc3 Rc8 15. O-O a6 16. Ne5 b5 17. Na2 Nc4 18. Nxc4 bxc4 19. Bc2 Bb5 20. Nc3 Qb6 21. Rb1 Bd7 22. f3 Bd6 23. Bxd6 Qxd6 24. e4 Qg3 25. e5 Nh5 26. f4 f5 27. exf6 Rxf6 28. Ne2 Qh4 29. Kh2 Rf7 30. Qe3 Nf6 31. Kg1 Ne8 32. Nc3 Qf6 33. f5 Nc7 34. fxe6 Qxe6 35. Qxe6 Bxe6 36. Rxf7 Bxf7 37. Rf1 h6 38. b3 Nb5 39. Nxb5 1/2-1/2